000 00851nam a2200277 a 4500
008
020 _a0471531065 (pbk.)
049 _aMAIN
090 _aRC465
_bOLT
100 1 _aOltmanns, Thomas F.
245 1 0 _aCase studies in abnormal psychology /
_cThomas F. Oltmanns, John M. Neale, Gerald C. Davison.
250 _a3rd ed.
260 _aNew York :
_bWiley,
_c1991.
300 _aix, 341 p. ;
_c23 cm.
504 _aIncludes bibliographical references.
650 0 _aPsychology, Pathological
_xCase studies.
650 0 _aPsychiatry
_xCase studies.
650 2 _aPsychopathology
_xcase studies.
700 1 _aNeale, John M.
700 1 _aDavison, Gerald C.
907 _a.b10159253
_b21-09-12
_c11-03-05
003
005 20230120203848.0
040 _cNUST
942 _cBOOKS
_kRC465
_mOLT
999 _c112793
_d112793